| 000 | 01763nam a2200505 i 4500 | ||
|---|---|---|---|
| 001 | 14810 | ||
| 003 | KOSZ 005 | ||
| 005 | 20191207082640.0 | ||
| 008 | 191207s1968 pl a f 001 0 pol | ||
| 015 | _aPB 1968/2346 | ||
| 035 | _a991038058549705066 | ||
| 035 | _a(PL-WaBN)b20196155-48omnis_nlop | ||
| 035 | _ab20196155 | ||
| 035 | _a(OCoLC)749298558 | ||
| 035 | _a(PL)b0000002019615 | ||
| 035 | _a(EXLNZ-48OMNIS_NETWORK)9910113435705606 | ||
| 040 |
_aWA N _cWA N _dKOSZ 005/RW |
||
| 041 | 1 |
_apol _heng |
|
| 046 | _k1958 | ||
| 080 | _a576.1 | ||
| 100 | 1 |
_aSmith, John Maynard _d(1920-2004) _eAutor |
|
| 245 | 1 | 0 |
_aTeoria ewolucji / _cJohn Maynard Smith ; przełożył z angielskiego Józef Mikulski. |
| 246 | 1 |
_iTytuł oryginału: _aTheory of evolution |
|
| 260 |
_aWarszawa : _bPaństwowe Wydawnictwo Naukowe, _c1968. |
||
| 300 |
_a418, [1] stron : _bilustracje ; _c22 cm. |
||
| 336 |
_aTekst _btxt _2rdacontent |
||
| 337 |
_aBez urządzenia pośredniczącego _bn _2rdamedia |
||
| 338 |
_aWolumin _bnc _2rdacarrier |
||
| 380 | _aKsiążki | ||
| 380 | _aPublikacje naukowe | ||
| 388 | _a1901-2000 | ||
| 490 | 1 |
_aBiblioteka Problemów _vt. 120 |
|
| 500 | _aTytuł oryginału: The theory of evolution. | ||
| 504 | _aBibliografia na stronie [400]. Indeks. | ||
| 650 | 7 |
_aEwolucja _2DBN |
|
| 650 | 7 | _aTeoria | |
| 655 | 7 | _aOpracowanie | |
| 658 | _aBiologia | ||
| 700 | 1 |
_aMikulski, Józef Stanisław _d(1907-1990) _eTłumaczenie |
|
| 710 | 2 |
_aPaństwowe Wydawnictwo Naukowe _4pbl |
|
| 830 | 0 |
_aBiblioteka Problemów _vt. 120 |
|
| 856 |
_uhttp://koha.tu.koszalin.pl/cgi-bin/koha/opac-detail.pl?biblionumber=14810 _yKatalog online BPK |
||
| 942 |
_2UKD _cKS |
||
| 999 |
_c14810 _d14810 |
||